| 000 | 00474nam a2200181Ia 4500 | ||
|---|---|---|---|
| 001 | 16856 | ||
| 005 | 20260306170342.0 | ||
| 008 | 260306t1961||||xx |||||||||||||| ||und|| | ||
| 041 | _aESP | ||
| 082 |
_a657.046 _bF42 T. 2 V. 2 |
||
| 100 |
_aFernández Peña, Enrique _eAUT |
||
| 245 | 0 | _aAnálisis y solución de supuestos de contabilidad superior | |
| 260 | _c1961 | ||
| 300 |
_a395 páginas : _c23 cm. |
||
| 650 | _aGEN | ||
| 654 | _aCCO | ||
| 942 |
_cLIB _dJUS _fJUS _2ddc _n |
||
| 999 |
_c16856 _d16856 |
||